Návrh štruktúry publikačného systému v štatistickom informačnom systéme bakalárska práca

Enregistré dans:
Détails bibliographiques
Auteur principal: Vitek, Róbert
Collectivité auteur: Fakulta hospodárskej informatiky EU. Katedra aplikovanej informatiky
Autres auteurs: Olexa, Milan
Format: Livre
Langue:slovaque
Publié: Bratislava 2011
Tags: Ajouter un tag
Pas de tags, Soyez le premier à ajouter un tag!

MARC

LEADER 00000nbm a2200000 4500
001 0141053
005 20161109111731.0
041 0 |a slo 
044 |a SK 
245 1 0 |a Návrh štruktúry publikačného systému v štatistickom informačnom systéme  |b bakalárska práca  |c Róbert Vitek ; školiteľ: Milan Olexa 
264 1 |a Bratislava  |c 2011 
300 |a 47 s. 
100 1 |a Vitek, Róbert 
700 1 |a Olexa, Milan 
710 2 |a Fakulta hospodárskej informatiky EU. Katedra aplikovanej informatiky